Fruits - Sudden death - Statistics

General Stats
  • This quiz has been taken 834 times
  • The average score is 3 of 11
Answers on the Grid
Answers color-coded by a green-red scale on the quiz's grid according to % correct below.
Apple-pear
Asparagus
Buddha's hand
Crysanthemum
Custard apple
Deathberries
Jupiterberries
Kumquat
Longan
Mangosteen
Miracle berry
Nashi apple
Quince
Rambutan
Rhubarb
Shark-fin melon
Squash
Tamarin
Wombok
 
Answer Stats
Answer % Correct
Kumquat
61%
Apple-pear
47%
Quince
36%
Custard apple
35%
Mangosteen
26%
Rambutan
24%
Squash
22%
Buddha's hand
19%
Longan
16%
Miracle berry
10%
Shark-fin melon
7%
No matching quizzes found
Score Distribution
Percent of People with Each Score
Percentile by Number Answered
Your Score History
You have not taken this quiz